000 01175nam0a2200325 4500
001 RU\NLR\bibl\1142048
005 20250615074024.0
010 _a978-5-94655-092-5
_91000
021 _aRU
_b2007-60838
_93250
035 _a(nilc)EL/0000122274
035 _a(NLR Aleph) 001128901
090 _a1345291
_c1345291
100 _a20070504d2007 |||y0rusy50 ca
101 0 _arus
102 _aRU
105 _aa |||||||||
200 1 _aЗов Чайки
_eстихи, рассказы, живопись
_fЯна Мансурова
210 _aУльяновск
_cКорпорация технологий продвижения
_d2007
215 _a128 с.
_cил., цв. ил.
_d17
327 1 _aСодерж.: стихи; рассказы: Лошадь; Дорога к счастью; Истина
686 _a84(2Р=Рус)6-4
_2rubbk
686 _aШ6(2=Р)75я44
700 1 _aМансурова
_bЯ.
_f1988-
_gЯна
_4070
801 0 _aRU
_bУльяновская ОНБ
_c20070504
_grcr
801 1 _aRU
_bУльяновская ОНБ
_c20070504
801 2 _aRU
_bNLR
_c20071017
_grcr
942 _cBOOK
980 _aNB